000 00511ntaaa2200205 4500
003 01
005 20251027202645.0
008 0714s1973 ag 01
040 _aAR-BaBN
_bspa
_cAR-BaBN
_eaacr
_dRIC
082 _a374.0220 AL2n
100 _aGonzález, Justo
_93979
245 _aNavidad
250 _a1 ed.
260 _aAlajuela, Costa Rica :
_bAlfalit,
_c1968
300 _a30 p
500 _aMaterial para alfabetización
650 _aalfabetizacion
_92115
700 _aMurray, Marjorie
942 _cBK
999 _c21737
_d21737